00390nam a2200133Ia 4500003000400000008004100004020002300045040000800068100004200076245008100118260003000199300001500229365001200244LDD181029s9999 xx 000 0 und d a415371589cP 24.99 cLDD aTransnational cinema: the film reader 0aTransnational cinemabthe film readercTransnational cinemabthe film reader aNew yorkbRoutledgec2006 avii, 205p. bP 24.99